000 00697nam a2200229Ia 4500
003 OSt
005 20220923212523.0
006 a|||||r|||| 00| 0
007 ta
008 220922b |||||||| |||| 00| 0 hin d
024 _a153,723
037 _cTextual
040 _aARTS
_cARTS
_bhin
041 _2hin
_ahin
082 _aO152v2:L5, J4;2 (TPH)
100 _aनगेन्द्र
_9156277
245 0 _aभारतीय काव्य शास्त्र की भूमिका
246 _aBhāratīya kāvya shāstra kī bhūmikā
260 _c1954
942 _hO152v2:L5, J4;2 (TPH)
_cTEXL
_2CC
999 _c309364
_d309364